| 000 | 00369nam a22001097a 4500 | ||
|---|---|---|---|
| 082 | _a347.409549 AGA | ||
| 245 |
_aThe Contract Act, 1872: _b(ix of 1872) / _cAgarwal and Avtar Singh and Revised by Amna Bakhtiar Malik |
||
| 260 |
_aLahore : _bIrfan Law Book House, _c2019. |
||
| 300 |
_a594 p. ; _c24 cm. |
||
| 942 |
_2ddc _cBK |
||
| 999 |
_c586620 _d586620 |
||